00246nam a22000857a 4500082001600000100002200016245005800038260004300096300002100139 a346.5491015 aKhan, Uzma Razzaq aManual of Family Laws in Pakistan /cUzma Razzaq Khan aLahore :bIrfan Law Book House,c2019. a1194 p. ;c24cm.